[Event "Corus"]
[Site "Wijk aan Zee"]
[Date "2000.01.25"]
[Round "9"]
[White "Kasparov, Garry"]
[Black "Timman, Jan H"]
[Result "1-0"]
[WhiteElo "2851"]
[BlackElo "2655"]
[Annotator "Mikhalevski,V"]
[PlyCount "71"]
[EventDate "2000.01.15"]
[EventType "tourn"]
[EventRounds "13"]
[EventCountry "NED"]
[EventCategory "18"]
[SourceTitle "CBM 075"]
[Source "ChessBase"]
[SourceDate "2000.04.05"]
[SourceVersion "1"]
[SourceVersionDate "2000.04.05"]
[SourceQuality "1"]

1. e4 e5 2. Nf3 Nc6 3. d4 exd4 4. Nxd4 Nf6 5. Nxc6 bxc6 6. e5 Qe7 7. Qe2 Nd5 8.
c4 Nb6 9. Nc3 Qe6 10. Qe4 Bb4 11. Bd2 Ba6 12. b3 Bxc3 13. Bxc3 d5 14. Qh4 $1 {
Less than a year has passed since Kasparov-Adams,Sarajevo 1999,but this move
can already be considered as the main line of 8...Nb6.} dxc4 15. Be2 Nd5 (15...
O-O {This attempt to avoid the game Kasparov-Adams,Sarajevo 1999 was tried
twice since that game.} 16. O-O Nd5 17. Bxc4 Bxc4 18. Qxc4 $14 a5 (18... Rfe8
19. Bb2 Qg6 $14 {1/2-1/2 Marusenko,P-Law,A/Birmingham ENG 2000/ (31)}) 19. Rac1
Rfb8 20. Rfd1 $14 {1/2-1/2 Mikhalchishin,A-Onischuk,A/Batumi GEO 1999/ (55)})
16. Bxc4 {Kasparov is first to deviate from his game against Adams in Sarajevo
1999.He had probably already knew the strong 16...Qf5! in answer for his 16.
Bd4 despite Piket's novelty wasn't played yet!By the way this was my
suggestion in the CBM71.See Kasparov-Adams.} (16. Bd4 Qf5 $1 $146 {[%mdl 8] An
important improvement over Adam's 16...c5.It's interesting that it was
introduced by Piket in a blitz game!} ({After} 16... c5 {White obtained better
play:} 17. Bxc5 Nc3 18. Bxc4 Qxe5+ 19. Be3 Ne4 20. O-O Bxc4 21. bxc4 O-O 22.
Rfe1 $14 {Kasparov-Adams,Sarajevo 1999/CBM71[Mikhalevski,V]}) 17. O-O (17. bxc4
Nf4 18. Bf3 O-O (18... Nd3+ $6 19. Kd2 {[%cal Gf3c6,Gf3e4]}) 19. O-O (19. Bxc6
Rad8 $17) 19... Bxc4 $17 {[%cal Gc4d5]}) 17... Nf4 (17... Qf4 $5 18. Qxf4 Nxf4
19. Bf3 O-O-O 20. Bxa7 Nd3 $1) 18. Bf3 O-O 19. Rfd1 (19. Rfe1 $142) 19... cxb3
20. Re1 Rfd8 21. Be4 Rxd4 22. Bxf5 Ne2+ 23. Rxe2 Rxh4 $17 {0-1 Morozevich,
A-Piket,J/KasparovChess GP g/5(67)}) 16... g5 $5 {[%csl Gf4]} 17. Qd4 ({
Despite in according to Fritz6} 17. Bxd5 Qxd5 18. Qxg5 {[%csl Re1] allows
White to obtain an adge I wouldn't recommend it as white king is an a serious
danger.}) 17... Bxc4 18. Qxc4 Nf4 {Timman follows my suggestion in CBM71.} 19.
Qxe6+ Nxe6 20. O-O-O $14 {[%cal Gh1e1,Ge1e4,Ge4c4,Gc4a4] Despite a reduced
material White still has slightly better prospects in an endgame thanks to the
better pawn structure(weaknesses on the queen side).Now White's plan is an
attack of a weak pawns of the queen side by means of Rhe1-e4-c4(a4).Look at
the brilliant technics of Kasparov who considered this game as one of his best
on the tournament.} Ke7 21. Rhe1 Rhd8 22. Rxd8 Rxd8 23. Re4 {[%cal Ge4a4]
After exchane of a pair of rooks the a7-pawn becomes an easy target for
White's rook.} Rd5 ({Black could try} 23... Nf4 {[%cal Gf4d3] ,but after} 24.
Ra4 $1 {White is much better}) 24. Kc2 {[%mdl 4128]} ({Immediate} 24. Ra4 {
deserved an attention,but Garry prefers to keep his pieces in a full harmony!})
24... c5 {[%cal Ge6d4] An attempt to look for chances in a rook endgame.
Unfortunately for Timman not all rook endgames are drawish.} (24... Nf4 {
was an another option.}) 25. Ra4 {[%csl Ra7]} Nd4+ 26. Bxd4 cxd4 27. Rxa7 Kd7
28. Kd3 $16 Rxe5 29. Ra4 $1 c5 30. b4 $1 {This is the position Kasparov was
striving to.White wins a central pawn or gets two dangerous passed pawns.} Ke6
(30... Kc6 31. bxc5 Rxc5 $140 32. Rc4 $1 $18) ({I think the last chance was to
play} 30... c4+ $1 {in order to get some counterplay,but White is still on top
after} 31. Kxc4 (31. Kxd4 $5 Re2 32. Ra5) 31... Re2 32. Ra5 $5 {[%cal Ga5g5,
Ga5f5]} (32. Ra7+ $5 Ke6 33. Ra6+ Ke7 34. Ra5) 32... Rxf2 33. Rxg5 Rxa2 34.
Kxd4 {with good chances for a win.}) 31. Ra6+ {Now Black is hopeless.} Kf5 (
31... Kd5 32. Ra5 Kd6 33. Rxc5 Rxc5 34. bxc5+ Kxc5 35. g4 $18 {[%cal Ga2a4]
and White wins}) 32. b5 $18 {White pawns are unstopable.} Rd5 {[%cal Gc5c4]}
33. Rc6 c4+ 34. Kxc4 d3 35. Kxd5 d2 36. g4+ $1 {With the help of this elegant
move White stops the d2-pawn and wins the game.Good job.Black hadn't had a
single chance to survive.} (36. g4+ $1 Kxg4 37. Rc4+ {[%cal Gc4d4]}) 1-0

[Event "Zuerich Jubilee op"]
[Site "Zuerich"]
[Date "2009.08.13"]
[Round "7"]
[White "Morozevich, Alexander"]
[Black "Mikhalevski, Victor"]
[Result "1/2-1/2"]
[WhiteElo "2751"]
[BlackElo "2631"]
[Annotator "Mikhalevski,V"]
[PlyCount "129"]
[EventDate "2009.08.09"]
[EventType "swiss"]
[EventRounds "9"]
[EventCountry "SUI"]
[SourceTitle "CBM 131 Extra"]
[Source "ChessBase"]
[SourceDate "2009.09.03"]
[SourceVersion "2"]
[SourceVersionDate "2009.09.16"]
[SourceQuality "1"]

1. e4 e5 2. Nf3 Nc6 3. d4 exd4 4. Nxd4 Nf6 5. Nxc6 bxc6 6. e5 Qe7 7. Qe2 Nd5 8.
c4 Ba6 9. b3 g5 {A small surprise. Earlier I played 9...0-0-0.} 10. g3 (10. Ba3
d6 {was tested yet in the Kasparov-Anand match, New York 1995 and proved to be
insufficient for obtaining an advantage.}) 10... O-O-O {This position can
arise also after 9.g3.} 11. Bb2 (11. Bg2 Bg7 12. Bb2 {transposes to the text.})
11... Bg7 12. Bg2 $5 {Morozevich goes for a theoretical endgame.} (12. Nd2 {
1/2-1/2 Nedev,T (2518)-L'Ami,E (2600)/Plovdiv 2008/CBM 124/[L'Ami] (46) is a
more popular alternative these days.}) 12... Rde8 (12... Rhe8 {is less popular
as Black's king may need the d8-square in the resulting endgame.}) 13. O-O Bxe5
14. Qxe5 Qxe5 15. Bxe5 Rxe5 16. cxd5 Bxf1 17. Kxf1 cxd5 18. Nc3 {The most
logical and popular.} ({In a recent game White tested the unbeaten} 18. Na3 {
, but obtained no advantage after} c6 19. Nc2 h5 20. Rd1 h4 21. Nd4 hxg3 22.
hxg3 f6 23. g4 a5 24. Nf5 Kc7 25. Rd4 Rb8 26. Ra4 Rb4 {1/2-1/2 Areshchenko,A 
(2645)-Hebden,M (2530)/Gibraltar 2008/CBM 122 Extra (64)}) 18... c6 19. Rc1 Kd8
{Once I played this position with the g-pawn on g6. However, there is a
serious difference between these positions: 1) the f5-square is weak and 2)
White has an option of f4 when the knight is on e2.} 20. Ne2 $1 {White
prepares 21.f4 and also gets ready for a regrouping of his pieces by means of
Bf3 and Bh5 if necessary.} ({White has also tested} 20. Bf3 {, which looks
less promising for him.} h5 21. Be2 f5 {A double-edged move. This pawn may
become a weakness.} (21... h4 $5 {looks better.}) 22. Rd1 g4 23. Rd4 h4 24. Kg2
Re7 $2 ({The correct path to an advantage was} 24... Ke7 $1 25. Bd3 Re1 $1 26.
gxh4 Kf6 $1 27. Rf4 Ke5 $1 28. Rxf5+ Kd4 $1 $17) 25. Bd3 hxg3 26. hxg3 Rh5 27.
Rf4 Re5 28. Nd1 c5 29. Ne3 $16 {and White won the f5-pawn.1-0 Thorhallsson,T 
(2495)-Giorgadze,G (2610)/Elista 1998/CBM 066 ext (40)}) (20. Na4 $6 h5 21. Re1
$2 {The exchange of rooks is clearly in Black's favour.} f6 (21... Rxe1+ $1 22.
Kxe1 h4 $17) 22. Nc5 Kc7 23. Nd3 Rxe1+ 24. Kxe1 h4 $17 {0-1 Manca,F (2405)
-L'Ami,E (2577)/Heraklio 2007/CBM 121 (58)}) 20... g4 $5 {[%csl Rg2] It took
me a lot of time to come up with this idea as it doesn't look right to give up
the f4-square. However I believe it's less important than two other aspects: 1)
I prevent damage to my kingside pawn structure, which would occur if I allowed
f4; 2) WHite would be able to improve the position of his bishop, while after
the text it's resricted.} 21. f3 {White is trying to create weaknesses in the
position of Black, who has to try holding a pawn on g4. As I realised after
the game only this move was a novelty.} ({Other options are} 21. h3 h5 22. h4
Ke7 23. f3 Rf5 24. Kf2 a5 25. Nd4 Rf6 26. Ne2 Rb8 27. Nf4 Rh6 {and Black
creates counterplay on the queenside.}) ({In the only preceding game White
played} 21. b4 Rhe8 22. Nd4 a6 23. a4 Ke7 24. b5 axb5 25. axb5 cxb5 26. Nxb5
Rb8 {with an equal position in the game 1/2-1/2 Broekmeulen,J-Gharamian,T 
(2332)/Bethune 2003/CBM 098 ext}) 21... h5 {My idea was to refrain from
playing f5 as this pawn could become a weakness.} 22. Kf2 Rhe8 {I wanted to
determine position of White's knight.} (22... Kc7 $2 {with the idea of 23...
Kd6 would be met by means of} 23. f4 Rf5 24. Nd4 Rf6 25. Bxd5 {winning a pawn.}
) 23. Rc2 {Alexander keeps all his options open.} Kc7 $6 {This allows an
unpleasant pawn endgame, which seems to lead to a queen endgame with an extra
g-pawn for White. Somehow I had a feeling that White wouldn't go for this
endgame as it's very difficult to calculate it precisely.} ({Both} 23... a5 $5)
({and} 23... Rf5 $5 {were objectively better.}) 24. h4 $6 {Morozevich seems to
have missed my 25th move.} (24. f4 $1 {was correct.} Re3 25. Bxd5 Rxe2+ 26.
Rxe2 Rxe2+ 27. Kxe2 cxd5 {This is the endgame I was talking about. Despite
Black's extra pawn White's position is better thanks to a possibility to
create a remote passed pawn on the queenside. However the position is far from
being simple.} 28. Kd3 Kc6 $1 (28... Kd6 29. b4 Kc6 (29... a6 30. a3 $1 Kc7 31.
a4 Kc6 32. Kc3 $1 Kd6 33. Kd4 Kc6 ({After} 33... f6 34. b5 a5 35. f5 $18 {
Black is in zugzwang.}) 34. Ke5 $1 ({But not} 34. f5 $2 f6 35. b5+ $4 (35. Kd3
$11) 35... axb5 36. axb5+ Kd6 37. b6 Kc6 38. b7 Kxb7 39. Kxd5 Kc7 $19) (34. b5+
$2 axb5 35. axb5+ Kd6 36. b6 Kc6 37. b7 Kxb7 38. Kxd5 Kc7 39. Ke5 Kc6 40. Kf6
d5 $19) 34... f6+ 35. Kd4 $1 Kd6 36. b5 axb5 37. axb5 f5 38. b6 Kc6 39. b7 Kxb7
40. Kxd5 Kc7 41. Ke5 Kc6 42. Kxf5 d5 43. Ke5 $1 {Inviting Black's king to c5.}
Kc5 44. f5 d4 45. f6 d3 46. f7 d2 47. f8=Q+ $18) 30. a4 Kd6 31. Kd4 a6 32. f5
f6 33. b5 a5 $1 ({After} 33... axb5 $2 34. axb5 $18 {Black is in zugzwang.})
34. b6 Kc6 35. b7 Kc7 $1 (35... Kxb7 $2 36. Kxd5 Kc7 37. Kc5 Kb7 38. Kb5 d5 39.
Kxa5 Kc6 40. Kb4 $18) 36. Kc5 Kb8 $1 {It's important for Black to take
opposition.} 37. Kxd5 Kxb7 38. Kc5 Kc7 39. Kd5 Kb7 40. Kd6 Kc8 41. Ke7 d5 42.
Kxf6 d4 43. Kg6 d3 44. f6 d2 45. f7 d1=Q 46. f8=Q+ $16 {and White has a clear
advantage in the queen endgame.}) 29. Kd4 Kb5 $1 {This seems to be the best
defence and the idea behind the previous move.} (29... a6 30. a3 a5 31. b4 a4
32. Ke5 (32. b5+ $5 Kxb5 33. Kxd5 f5 34. Ke5 Kc4 35. Kxf5 Kb3 36. Kg6 Kxa3 37.
f5 Kb3 38. f6 a3 39. f7 a2 40. f8=Q a1=Q 41. Qf7+ Kb4 42. Qe7+ Kb3 43. Qxd7 Qe5
44. Qf5 $16) 32... d6+ 33. Kd4 f5 34. b5+ Kb6 $1 35. Kxd5 Kxb5 36. Kxd6 Kc4 37.
Ke6 Kb3 38. Kxf5 Kxa3 39. Kg5 Kb3 40. f5 a3 41. f6 a2 42. f7 a1=Q 43. f8=Q $14)
(29... a5 30. a3 f6 31. b4 a4 32. f5 d6 (32... Kd6 $4 33. b5 $18) 33. b5+ Kb6
$1 34. Kxd5 Kxb5 35. Ke6 (35. Kxd6 Kc4 36. Ke6 Kb3 37. Kxf6 Kxa3 38. Kg5 Kb3
39. f6 a3 40. f7 a2 41. f8=Q a1=Q 42. Qg8+ Kb4 43. Kxh5 Qe5+ 44. Kh4 Qe7+ 45.
Qg5 Qh7+ 46. Qh5 Qe7+ 47. Kxg4 Qe2+ 48. Kg5 Qd2+ {with chances to escape.})
35... Kc4 36. Kxf6 d5 37. Kg5 d4 38. f6 d3 39. f7 d2 40. f8=Q d1=Q 41. Qb4+ Kd5
42. Qb5+ Ke4 43. Qf5+ Ke3 44. Kxh5 $16) 30. Kxd5 Kb4 31. Kd6 a5 32. Kxd7 Ka3
33. f5 Kxa2 34. Ke7 Kxb3 35. Kxf7 a4 36. f6 a3 37. Kg6 a2 38. f7 a1=Q 39. f8=Q
Qa6+ 40. Kxh5 Qe2 $14 {and Black retains good chances to escape.}) 24... gxh3
25. Bxh3 h4 $1 {Now Black either exchanges his weakness or creates a passed
pawn on the h-file.} 26. g4 {Understandably White goes for a double-edged
position.} ({After} 26. gxh4 $6 Rh8 27. Kg3 Reh5 28. Nf4 Rxh4 $15 {Black is
better since} 29. Nxd5+ $2 {is strongly met by means of} Kd6 $1 (29... Kb8 30.
Nf4 Rxf4 $1 31. Kxf4 Rxh3 $17) 30. Nf4 Rxf4 $1 31. Rd2+ Ke5 32. Re2+ Kf6 33.
Kxf4 Rxh3 $17) 26... a5 $5 {[%cal Ga5a4] Black creates counterplay on the
queenside, not allowing White to take care of the h-pawn.} 27. Bf1 Rb8 28. Nf4
Kd6 29. Nd3 Re7 30. Rc1 {Both players were already short of time, which
explains the following play.} f6 31. Rd1 Kc7 {Avoiding the possible piece
sacrifice on d5 after Nf4 and Bc4.} 32. Nc5 Rh8 $1 {Showing his trumps.} 33.
Bd3 $6 {White is playing with fire.} ({It would be safer for White to block
the h-pawn.} 33. Bh3 $5 Rhe8 34. Rd2 (34. Bf1 $2 h3 $1 $17)) 33... h3 $6 ({
After the correct} 33... d6 $1 34. Na4 d4 $1 35. Bg6 Rh6 36. Bc2 h3 37. Rh1 d5
38. Rh2 Kd6 $17 {Black's central pawns start to move.}) 34. Bf5 h2 35. Rh1 Kd6
(35... Rhe8 $6 36. Rxh2 Re2+ 37. Kg3 Rxh2 38. Kxh2 Re2+ 39. Kg3 Rxa2 40. Nxd7
Rb2 41. Nxf6 Rxb3 42. g5 Rb8 43. Bc2 $14) 36. Nd3 (36. Nb7+ $5 {keeps an
equality.} Ke5 37. Nc5 Rh6 38. Nxd7+ Kd6 39. Nb6 Kc5 40. Nd7+ Kd4 41. Nb8 Kc5
$11) 36... a4 $1 37. Nf4 axb3 $1 38. axb3 (38. Ng6 $2 {is wrong in view of} Ra8
$1 39. axb3 (39. Nxe7 bxa2 $1 (39... Rxa2+ {is less clear.} 40. Kg3 Kxe7 41.
Rxh2 Rxh2 42. Kxh2 c5 43. Kg3 c4 44. Kf2 c3 45. Ke2 d4 $17) 40. Ra1 Rh8 41.
Nc8+ (41. Rh1 Kxe7 42. Kg2 Kd6 $19 (42... c5 $5)) 41... Kc7 42. Rh1 Rxc8 43.
Kg2 Rb8 44. Re1 Rb2+ 45. Kh1 c5 $19) 39... Ra2+) 38... Ree8 ({After} 38... Ra8
$5 39. Nh5 Ra2+ 40. Kg3 Ree2 41. Nxf6 Rg2+ 42. Kh3 Ke5 43. Nh5 Rgb2 44. b4 {
the position is about equal.}) 39. Nh5 Rb8 40. Bc2 f5 $1 {Finally I had time
to relax and evaluate the resulting position.} 41. Rxh2 ({After} 41. Bxf5 Rxb3
42. Rxh2 Rb2+ 43. Kg3 Rxh2 44. Kxh2 c5 {Black's chances are at least not worse.
}) 41... fxg4 42. fxg4 c5 {I played this move with the idea of c4 rather
quickly, but after White's reply realised that I should have started thinking
earlier.} ({The immediate} 42... Ra8 $5 43. Kg3 Ra2 {deserved attention.}) 43.
Kg3 Ra8 $1 {Eventually I came to conclusion that I need to activate my rook.} (
43... d4 $5) ({It turns out that} 43... c4 $2 {is wrong.} 44. bxc4 dxc4 45.
Rd2+ $14) 44. Rd2 $1 d4 $1 {I have to play this move anyway. So it's better to
do it right away and not determine the position of the a8-rook.} (44... Ra2 45.
Nf4 $1 (45. Nf6 Rb8 $5) 45... d4 46. g5 $16) 45. Bd1 ({After} 45. Nf6 $5 Ra1
46. g5 Rg1+ 47. Kf4 Rh4+ 48. Kf5 Rf1+ 49. Kg6 $14 {White retains chances for a
win.}) 45... Ra1 46. Rd3 $6 {I don't like this move. White wants to keep
everything under control before advancing his g-pawn, but the rook on d3 is
really bad.} ({So it would be better to play} 46. b4 $5 Ra3+ 47. Bf3 cxb4 48.
Rxd4+ Kc5 49. Rxd7 Rf8 50. Nf4 Re8 51. Nd3+ Kc4 52. Nb2+ Kb3 53. Nd1 Kc2 54.
Kf2 Rd3 55. Rc7+ Kd2 56. Nb2 Rc3 $11 {and Black should be able to keep the
balance.}) 46... Re8 $138 {I was short of time again.} (46... Ke5 $5 {
Activating the king deserved serious attention.}) 47. Bf3 Rg1+ {Worsening the
position of White's king.} 48. Kf2 Rb1 {I wanted to simplify the position,
which is logical when you're short of time.} (48... Rc1 $5) 49. Nf6 Re3 50.
Rxe3 dxe3+ 51. Kxe3 Rxb3+ 52. Kf4 c4 {Now Black shouldn't have big problems
equalising, though some accuracy is still required.} 53. g5 c3 54. Ne4+ Ke7 55.
Bd1 Ra3 $1 56. Nf6 ({or} 56. Ke5 Kf7 57. Kd4 Kg6 58. Bc2 Ra5 $11) 56... Ra1 57.
Nd5+ Kf8 $1 ({Certainly not} 57... Kf7 $2 58. Nxc3 Rc1 59. Bh5+ $16) 58. Bc2 (
58. Ne3 $4 Rxd1 $19) 58... Rf1+ 59. Ke3 Rg1 60. Nf6 Kg7 ({White's last hope was
} 60... Rxg5 $4 61. Nh7+ $18) 61. Ne4 d5 62. Nxc3 Rxg5 {Finally the last white
pawn is eliminated and a draw is inevitable.} 63. Kd4 Kf6 64. Nxd5+ Rxd5+ 65.
Kxd5 {An interesting fighting draw.} 1/2-1/2

[Event "FIDE-Wch k.o."]
[Site "Groningen"]
[Date "1997.12.10"]
[Round "1.3"]
[White "Shaked, Tal"]
[Black "Morovic Fernandez, Ivan"]
[Result "1/2-1/2"]
[WhiteElo "2500"]
[BlackElo "2600"]
[Annotator "Mikhalevski,V"]
[PlyCount "105"]
[EventDate "1997.12.09"]
[EventType "k.o."]
[EventRounds "7"]
[EventCountry "NED"]
[SourceTitle "CBM 063"]
[Source "ChessBase"]
[SourceDate "1998.03.26"]
[SourceVersion "1"]
[SourceVersionDate "1998.03.26"]
[SourceQuality "1"]

1. e4 e5 2. Nf3 Nc6 3. d4 exd4 4. Nxd4 Nf6 5. Nxc6 bxc6 6. e5 Qe7 7. Qe2 Nd5 8.
Nd2 Nb6 9. c4 Bb7 10. b3 O-O-O 11. Bb2 d5 $146 {11...c5see Shaked-Morovic
Fernandez,FIDE-Wch k.o.1997(1.1) [Mikhalevski,V]} (11... d6 12. exd6 Qxd6 13.
O-O-O Qg6 14. Nf3 Bd6 15. Ne5 Qh6+ 16. Qe3 Bxe5 17. Rxd8+ Rxd8 18. Bxe5 Qg6 19.
g3 f6 20. Bh3+ Kb8 21. Bxc7+ Kxc7 22. Qf4+ Rd6 23. c5 f5 24. Bxf5 Qf6 25. Qxd6+
Qxd6 26. cxd6+ Kxd6 27. Bxh7 Nd5 28. Re1 Nf6 29. Bf5 Nd5 30. Re6+ Kc5 31. Rg6
Ne7 32. Rxg7 {1-0 Leko,P-Janahi,Z/WchJM-U14 1992}) 12. O-O-O (12. exd6 {
see11...d6}) 12... Qe6 13. Qe3 Bb4 14. cxd5 cxd5 15. Nf3 Kb8 16. Bd3 Rhe8 17.
Ng5 (17. Bxh7 $5 $13) 17... Qe7 18. f4 d4 $1 19. Bxd4 Bxg2 20. Rhg1 Rxd4 21.
Qxd4 Bc5 22. Qc3 Nd5 23. Qc4 Nb6 24. Qc2 (24. Qxf7 $6 Bxg1 25. Rxg1 (25. Qxe7
$4 Be3+) 25... Qc5+) 24... Bxg1 25. Rxg1 Bb7 26. Be4 $2 (26. Ne4 $1) 26... Nd5
27. Bxd5 $6 Bxd5 28. Rd1 c6 $1 29. Qc3 (29. Qxh7 $2 {[%csl Rc1]} f6) (29. Ne4
$2 Qb4) 29... f6 $1 30. exf6 (30. Nf3 $2 Bxf3 31. Qxf3 fxe5) 30... gxf6 31. Nf3
Qe3+ $1 32. Qxe3 Rxe3 $17 33. Nd4 Re4 34. f5 Rh4 35. Rd2 Kc7 36. Nc2 Kd6 37.
Ne3 Ke5 38. Kb2 Ke4 39. Nxd5 cxd5 40. b4 d4 41. a4 Rf4 (41... Kd5) 42. Kc2 Rxf5
$2 (42... Kd5 $1 $17) 43. Re2+ Kd5 44. Re7 $11 Kc4 45. Rc7+ $1 Kxb4 46. Rxa7
Rh5 47. Kd3 Rxh2 48. Kxd4 h5 49. Rf7 h4 50. Rxf6 h3 51. Rh6 Rh1 52. Ke3 Kxa4
53. Kf2 1/2-1/2